| 000 | 01203cab a2200229 4500 | ||
|---|---|---|---|
| 001 | ABS37789 | ||
| 008 | 090401t1987 xxu||||| |||| 00| 0 eng d | ||
| 035 | _a(Sirsi) u6758 | ||
| 041 | _aeng | ||
| 245 | _aRoofing | ||
| 260 | _c1987 | ||
| 350 | _a0 | ||
| 490 |
_aBuilding _vSupplement 29 May 1987, (66) |
||
| 520 | _aStarts with an examination of the causes of warm deck lead roof failures in churches; reports on the development of computerised roof design and layout packages and compares natural slate / clay tiles and man-made materials. Looks at how modern technology can provide roofs which wear well, while maintaining traditional good looks; describes how pvc can remedy problems caused by flat roofs. Traces the evolution of rooflight domes, advising on installation; describes the construction of the glass roof over Edinburgh`s new Waverley Market Centre. Looks at common roof design problems and solutions and current BRE research on snow and wind loads on industrial buildings.(Loan) | ||
| 650 | _aBUILDING DEFECTS | ||
| 650 | _aGLASS | ||
| 650 | _aSNOW LOADS | ||
| 650 | _aTIMBER ROOFING | ||
| 690 | _aBUILT ENVIRONMENT-CONSTRUCTION DESIGN | ||
| 942 | _n0 | ||
| 948 | _c04/03/1997 | ||
| 999 |
_c4022 _d4022 |
||